00967pam a2200265 a 4500001000500000005001700005020001700022040002300039050002500062082001500087100002300102245008200125260003600207300003800243490003100281500002700312505000800339520021000347521002100557521002000578650002600598650002000624650002600644700003100670146620231123144325.0 a090129003990 aDLCcDLCdDLCbeng00aPZ7.O81167bDay 199800a813.542211 aOsborne, Mary Pope10aDay of the Dragon King /cby Mary Pope Osborne ; illustrated by Sal Murdocca. aNew York :bRandom House,c1998 a68 pages :billustrations c20 cm1 aMagic tree house vBook 14 a"Stepping Stone book." aG  aThe magic treehouse takes Jack and Annie back two thousand years to ancient China where they must find the original copy of an old legend before the Imperial Library is burned down by the evil Dragon King. a380 bLexile  aG bRaz-Plus  1aTime travelxFiction. 1aMagicxFiction. 1aTree housesxFiction.1 aMurdocca, Saleillustrator